| 000 | 00705nam a22002057a 4500 | ||
|---|---|---|---|
| 003 | BD-DhUL | ||
| 005 | 20180308103258.0 | ||
| 008 | 180308s1997 ii ||||| |||| 00| 0 ben | | ||
| 040 |
_aBD-DhUL _cBD-DhUL |
||
| 082 |
_a891.443 _bGHC |
||
| 100 | 1 | _aঘোষ, তরুণ | |
| 245 | 0 | 0 |
_aচোখের বালি উপন্যাসের শিল্পরূপ / _cতরুণ ঘোষ |
| 250 | _a১ম সং. | ||
| 260 |
_aকলকাতা : _bগ্রন্থপ্রকাশ, _c১৯৯৭। |
||
| 300 |
_a২৩২ পৃ. ; _c২১ সেমি. |
||
| 365 |
_aIRS _b70.00 |
||
| 650 | 4 | _aবাংলা উপন্যাস | |
| 650 | 4 | _aBengali fiction | |
| 942 |
_2ddc _cBK |
||
| 999 |
_c239065 _d239065 |
||